[Event "II Open Internacional Blitz Quart de Pob"]
[Site "Quart de Poblet, Spain"]
[Date "2019.08.10"]
[Round "4.4"]
[White "Ballester Llagaria, Luis Eduardo"]
[Black "Deruelle Sala, Albert"]
[Result "1-0"]
[WhiteElo "2291"]
[BlackElo "2105"]
[PlyCount "117"]
[EventDate "2019.??.??"]

1. e4 {[%clk 00:07:04]  [%emt 00:00:05]} 1... c5 {[%clk 00:07:05]} 2. Nc3 {
[%clk 00:07:06]} 2... e6 {[%clk 00:07:07]  [%emt 00:00:11]} 3. Nf3 {
[%clk 00:07:08]} 3... a6 {[%clk 00:07:08]  [%emt 00:00:04]} 4. d4 {
[%clk 00:07:10]} 4... cxd4 {[%clk 00:07:11]} 5. Nxd4 {[%clk 00:07:11]} 5... Bb4
{[%clk 00:07:13]} 6. Qf3 {[%clk 00:06:57]  [%emt 00:00:10]} 6... Nc6 {
[%clk 00:07:04]  [%emt 00:00:12]} 7. Nxc6 {[%clk 00:06:58]  [%emt 00:00:40]}
7... bxc6 {[%clk 00:07:06]} 8. Bd3 {[%clk 00:06:30]} 8... Ne7 {
[%clk 00:07:07]  [%emt 00:00:19]} 9. O-O {[%clk 00:06:28]} 9... O-O {
[%clk 00:07:08]  [%emt 00:00:03]} 10. e5 {[%clk 00:05:37]  [%emt 00:00:36]}
10... Ng6 {[%clk 00:06:51]  [%emt 00:00:21]} 11. Qe4 {
[%clk 00:05:23]  [%emt 00:00:15]} 11... Bxc3 {[%clk 00:06:50]  [%emt 00:00:43]}
12. bxc3 {[%clk 00:05:24]} 12... f5 {[%clk 00:06:35]} 13. Qd4 {
[%clk 00:05:03]  [%emt 00:00:09]} 13... Qc7 {[%clk 00:06:15]  [%emt 00:00:20]}
14. Ba3 {[%clk 00:04:59]  [%emt 00:00:31]} 14... Qxe5 {
[%clk 00:05:01]  [%emt 00:00:52]} 15. Bxf8 {[%clk 00:04:51]  [%emt 00:00:41]}
15... Kxf8 {[%clk 00:05:03]} 16. f4 {[%clk 00:04:17]  [%emt 00:00:08]} 16...
Qc7 {[%clk 00:04:38]  [%emt 00:00:30]} 17. Qc5+ {
[%clk 00:03:41]  [%emt 00:00:37]} 17... d6 {[%clk 00:04:36]  [%emt 00:00:05]}
18. Qe3 {[%clk 00:03:42]} 18... Bd7 {[%clk 00:04:25]  [%emt 00:00:22]} 19. Rab1
{[%clk 00:03:34]  [%emt 00:00:06]} 19... Ne7 {[%clk 00:03:46]  [%emt 00:00:40]}
20. c4 {[%clk 00:03:35]  [%emt 00:00:06]} 20... Rb8 {
[%clk 00:03:47]  [%emt 00:00:03]} 21. c5 {[%clk 00:03:23]  [%emt 00:00:11]}
21... a5 {[%clk 00:03:23]  [%emt 00:00:40]} 22. cxd6 {
[%clk 00:03:03]  [%emt 00:00:09]} 22... Qxd6 {[%clk 00:03:24]  [%emt 00:00:16]}
23. Rxb8+ {[%clk 00:02:55]  [%emt 00:00:04]} 23... Qxb8 {[%clk 00:03:26]} 24.
Qc5 {[%clk 00:02:54]} 24... a4 {[%clk 00:03:07]  [%emt 00:00:20]} 25. c4 {
[%clk 00:02:47]  [%emt 00:00:10]} 25... Kf7 {[%clk 00:03:07]  [%emt 00:00:07]}
26. a3 {[%clk 00:02:34]  [%emt 00:00:11]} 26... Qb3 {
[%clk 00:03:05]  [%emt 00:00:36]} 27. Qd6 {[%clk 00:02:34]} 27... Bc8 {
[%clk 00:02:58]  [%emt 00:00:03]} 28. Be2 {[%clk 00:02:00]  [%emt 00:00:20]}
28... Qe3+ {[%clk 00:02:59]  [%emt 00:00:03]} 29. Rf2 {[%clk 00:02:02]} 29...
Ba6 {[%clk 00:02:52]  [%emt 00:00:07]} 30. Qd3 {
[%clk 00:01:49]  [%emt 00:00:34]} 30... Qc5 {[%clk 00:02:45]} 31. Qc3 {
[%clk 00:01:34]  [%emt 00:00:13]} 31... Nc8 {[%clk 00:02:42]  [%emt 00:00:05]}
32. Qb4 {[%clk 00:01:24]  [%emt 00:00:10]} 32... Qd4 {
[%clk 00:02:43]  [%emt 00:00:30]} 33. c5 {[%clk 00:01:09]  [%emt 00:00:08]}
33... Qxb4 {[%clk 00:01:51]  [%emt 00:00:37]} 34. axb4 {
[%clk 00:01:11]  [%emt 00:00:15]} 34... Bb5 {[%clk 00:01:54]} 35. Bxb5 {
[%clk 00:00:56]  [%emt 00:00:06]} 35... cxb5 {[%clk 00:01:56]} 36. Rd2 {
[%clk 00:00:58]  [%emt 00:00:03]} 36... Ke7 {[%clk 00:01:24]  [%emt 00:00:50]}
37. Kf2 {[%clk 00:00:56]  [%emt 00:00:05]} 37... Ke8 {
[%clk 00:00:48]  [%emt 00:00:46]} 38. Ke2 {[%clk 00:00:51]  [%emt 00:00:04]}
38... Ne7 {[%clk 00:00:44]} 39. Rd6 {[%clk 00:00:46]  [%emt 00:00:04]} 39...
Nd5 {[%clk 00:00:46]} 40. Rxe6+ {[%clk 00:00:43]} 40... Kf7 {[%clk 00:00:49]}
41. Re5 {[%clk 00:00:15]  [%emt 00:00:28]} 41... Nxb4 {
[%clk 00:00:50]  [%emt 00:00:26]} 42. Rxf5+ {[%clk 00:00:14]} 42... Ke6 {
[%clk 00:00:53]} 43. Re5+ {[%clk 00:00:16]  [%emt 00:00:07]} 43... Kd7 {
[%clk 00:00:55]} 44. Kd2 {[%clk 00:00:15]} 44... Kc6 {[%clk 00:00:55]} 45. Kc3
{[%clk 00:00:14]} 45... Nd5+ {[%clk 00:00:57]} 46. Kd4 {[%clk 00:00:16]} 46...
Nxf4 {[%clk 00:00:57]} 47. g3 {[%clk 00:00:14]  [%emt 00:00:05]} 47... Ng6 {
[%clk 00:00:53]  [%emt 00:00:03]} 48. Re6+ {[%clk 00:00:17]} 48... Kc7 {
[%clk 00:00:56]} 49. Rb6 {[%clk 00:00:18]} 49... Ne7 {
[%clk 00:00:39]  [%emt 00:00:17]} 50. Rxb5 {[%clk 00:00:19]  [%emt 00:00:34]}
50... Nc6+ {[%clk 00:00:38]} 51. Kd5 {[%clk 00:00:18]} 51... a3 {
[%clk 00:00:34]  [%emt 00:00:03]} 52. Rb1 {[%clk 00:00:19]} 52... a2 {
[%clk 00:00:32]} 53. Ra1 {[%clk 00:00:21]} 53... Nb4+ {
[%clk 00:00:14]  [%emt 00:00:10]} 54. Kc4 {[%clk 00:00:21]  [%emt 00:00:04]}
54... Nc2 {[%clk 00:00:17]} 55. Rxa2 {[%clk 00:00:21]  [%emt 00:00:04]} 55...
Ne3+ {[%clk 00:00:19]} 56. Kb5 {[%clk 00:00:22]  [%emt 00:00:12]} 56... Nf5 {
[%clk 00:00:15]  [%emt 00:00:03]} 57. Ra7+ {[%clk 00:00:23]} 57... Kb8 {
[%clk 00:00:18]} 58. Rf7 {[%clk 00:00:22]} 58... Nd4+ {
[%clk 00:00:19]  [%emt 00:00:03]} 59. Kb6 {[%clk 00:00:24]} 1-0

[Event "II Open Internacional Blitz Quart de Pob"]
[Site "Quart de Poblet, Spain"]
[Date "2019.08.10"]
[Round "4.5"]
[White "Galvan, Jesus"]
[Black "Rios Garcia, Miguel"]
[Result "1-0"]
[WhiteElo "2200"]
[BlackElo "1788"]
[PlyCount "165"]
[EventDate "2019.??.??"]

1. d4 {[%clk 00:07:03]  [%emt 00:07:37]} 1... Nf6 {
[%clk 00:07:03]  [%emt 00:00:14]} 2. c4 {[%clk 00:07:03]  [%emt 00:00:24]} 2...
e5 {[%clk 00:07:06]} 3. dxe5 {[%clk 00:07:04]} 3... Ng4 {
[%clk 00:07:08]  [%emt 00:00:04]} 4. Bf4 {[%clk 00:07:06]} 4... Bb4+ {
[%clk 00:07:10]} 5. Nd2 {[%clk 00:07:08]} 5... Nc6 {
[%clk 00:07:03]  [%emt 00:00:20]} 6. Ngf3 {[%clk 00:07:10]} 6... Qe7 {
[%clk 00:07:02]} 7. e3 {[%clk 00:07:11]} 7... Ngxe5 {[%clk 00:07:02]} 8. Nxe5 {
[%clk 00:07:13]  [%emt 00:00:03]} 8... Nxe5 {[%clk 00:07:04]} 9. Be2 {
[%clk 00:07:15]} 9... a5 {[%clk 00:06:20]  [%emt 00:00:45]} 10. a3 {
[%clk 00:06:56]  [%emt 00:00:28]} 10... Bc5 {[%clk 00:06:22]} 11. Nb3 {
[%clk 00:06:58]} 11... a4 {[%clk 00:06:05]  [%emt 00:00:16]} 12. Nxc5 {
[%clk 00:06:25]  [%emt 00:00:36]} 12... Qxc5 {[%clk 00:06:07]  [%emt 00:00:10]}
13. Qd5 {[%clk 00:06:25]} 13... Qxd5 {[%clk 00:06:04]  [%emt 00:00:04]} 14.
cxd5 {[%clk 00:06:27]} 14... d6 {[%clk 00:05:53]  [%emt 00:00:11]} 15. Rc1 {
[%clk 00:06:21]  [%emt 00:00:22]} 15... Kd8 {[%clk 00:05:44]  [%emt 00:00:12]}
16. O-O {[%clk 00:06:09]  [%emt 00:00:06]} 16... Bf5 {
[%clk 00:04:43]  [%emt 00:01:01]} 17. Rc3 {[%clk 00:06:08]  [%emt 00:00:26]}
17... Re8 {[%clk 00:03:16]  [%emt 00:01:07]} 18. f3 {
[%clk 00:06:07]  [%emt 00:00:39]} 18... Nd7 {[%clk 00:02:57]  [%emt 00:00:03]}
19. e4 {[%clk 00:05:44]  [%emt 00:00:10]} 19... Bg6 {
[%clk 00:02:53]  [%emt 00:00:10]} 20. Rfc1 {[%clk 00:05:30]  [%emt 00:00:17]}
20... Nc5 {[%clk 00:02:51]  [%emt 00:00:10]} 21. Bb5 {
[%clk 00:05:27]  [%emt 00:00:03]} 21... Re7 {[%clk 00:02:49]  [%emt 00:00:03]}
22. Be3 {[%clk 00:05:25]  [%emt 00:00:06]} 22... b6 {
[%clk 00:02:33]  [%emt 00:00:20]} 23. g4 {[%clk 00:05:16]  [%emt 00:00:08]}
23... f6 {[%clk 00:02:29]  [%emt 00:00:17]} 24. Kf2 {
[%clk 00:04:32]  [%emt 00:00:37]} 24... Bxe4 {[%clk 00:02:27]  [%emt 00:00:39]}
25. Bxc5 {[%clk 00:04:29]} 25... bxc5 {[%clk 00:01:44]  [%emt 00:00:36]} 26.
fxe4 {[%clk 00:04:25]  [%emt 00:00:05]} 26... Rb8 {[%clk 00:01:36]} 27. Bd3 {
[%clk 00:04:10]  [%emt 00:00:13]} 27... Rxb2+ {[%clk 00:01:30]  [%emt 00:00:18]
} 28. R1c2 {[%clk 00:04:11]  [%emt 00:00:11]} 28... Rb3 {
[%clk 00:01:09]  [%emt 00:00:10]} 29. Ke3 {[%clk 00:03:40]  [%emt 00:00:42]}
29... g6 {[%clk 00:01:01]  [%emt 00:00:07]} 30. Rxb3 {[%emt 00:00:28]} 30...
axb3 {[%clk 00:01:01]} 31. Rc3 {[%clk 00:03:17]} 31... f5 {
[%clk 00:00:58]  [%emt 00:00:05]} 32. gxf5 {[%clk 00:01:53]  [%emt 00:01:26]}
32... gxf5 {[%clk 00:00:59]  [%emt 00:00:33]} 33. Rxb3 {[%clk 00:01:55]} 33...
c4 {[%clk 00:00:50]  [%emt 00:00:11]} 34. Rb8+ {[%clk 00:01:55]} 34... Kd7 {
[%clk 00:00:52]} 35. Bc2 {[%clk 00:01:58]} 35... Rg7 {
[%clk 00:00:13]  [%emt 00:00:18]} 36. exf5 {[%clk 00:01:35]  [%emt 00:00:22]}
36... Ke7 {[%clk 00:00:14]  [%emt 00:00:27]} 37. Kf4 {[%clk 00:01:33]} 37...
Rg2 {[%clk 00:00:13]} 38. Ba4 {[%clk 00:01:18]  [%emt 00:00:08]} 38... Rxh2 {
[%clk 00:00:12]} 39. Rc8 {[%clk 00:00:45]  [%emt 00:00:36]} 39... Kf6 {
[%clk 00:00:10]  [%emt 00:00:16]} 40. Rf8+ {[%clk 00:00:41]} 40... Ke7 {
[%clk 00:00:11]  [%emt 00:00:04]} 41. Rc8 {[%clk 00:00:41]} 41... Kf6 {
[%clk 00:00:14]} 42. Rf8+ {[%clk 00:00:43]} 42... Ke7 {[%clk 00:00:16]} 43.
Re8+ {[%clk 00:00:45]  [%emt 00:00:04]} 43... Kf6 {[%clk 00:00:17]} 44. Re6+ {
[%clk 00:00:39]  [%emt 00:00:12]} 44... Kf7 {[%clk 00:00:19]} 45. Be8+ {
[%clk 00:00:41]  [%emt 00:00:06]} 45... Kf8 {[%clk 00:00:20]} 46. f6 {
[%clk 00:00:36]  [%emt 00:00:07]} 46... c3 {[%clk 00:00:13]  [%emt 00:00:07]}
47. Ba4 {[%clk 00:00:27]  [%emt 00:00:12]} 47... c2 {[%clk 00:00:16]} 48. Re1 {
[%clk 00:00:18]  [%emt 00:00:12]} 48... Kf7 {[%clk 00:00:18]} 49. Kg5 {
[%clk 00:00:07]  [%emt 00:00:13]} 49... Rg2+ {[%clk 00:00:19]  [%emt 00:00:07]}
50. Kh4 {[%clk 00:00:07]} 50... Rd2 {[%clk 00:00:20]  [%emt 00:00:08]} 51. Rc1
{[%emt 00:00:03]} 51... Rd4+ {[%clk 00:00:21]} 52. Kg5 {[%clk 00:00:06]} 52...
Rxa4 53. Rxc2 {[%emt 00:00:05]} 53... Rxa3 {[%clk 00:00:25]} 54. Rxc7+ {
[%clk 00:00:11]} 54... Kf8 {[%clk 00:00:26]} 55. Kf5 {
[%clk 00:00:12]  [%emt 00:00:06]} 55... Rf3+ {[%clk 00:00:23]  [%emt 00:00:03]}
56. Ke6 {[%clk 00:00:14]} 56... Re3+ {[%clk 00:00:21]  [%emt 00:00:06]} 57.
Kxd6 {[%clk 00:00:16]} 57... Kg8 {[%clk 00:00:13]  [%emt 00:00:14]} 58. Re7 {
[%clk 00:00:16]  [%emt 00:00:04]} 58... Rf3 {[%clk 00:00:09]} 59. Ke6 {
[%clk 00:00:18]  [%emt 00:00:03]} 59... Re3+ {[%clk 00:00:10]  [%emt 00:00:03]}
60. Kd7 {[%clk 00:00:20]} 60... Rf3 {[%clk 00:00:13]  [%emt 00:00:04]} 61. Rg7+
{[%clk 00:00:20]} 61... Kf8 {[%clk 00:00:12]  [%emt 00:00:04]} 62. Rxh7 {
[%clk 00:00:12]  [%emt 00:00:15]} 62... Rxf6 {[%clk 00:00:14]} 63. d6 {
[%clk 00:00:13]  [%emt 00:00:03]} 63... Rf1 {[%clk 00:00:12]} 64. Rh2 {
[%clk 00:00:09]  [%emt 00:00:09]} 64... Rf3 {[%clk 00:00:13]  [%emt 00:00:04]}
65. Kd8 {[%clk 00:00:07]  [%emt 00:00:04]} 65... Rf1 {
[%clk 00:00:11]  [%emt 00:00:08]} 66. d7 {[%clk 00:00:08]} 66... Rf3 {
[%clk 00:00:13]  [%emt 00:00:03]} 67. Re2 {[%clk 00:00:07]} 67... Ra3 {
[%clk 00:00:12]  [%emt 00:00:03]} 68. Re4 {[%clk 00:00:08]} 68... Rf3 {
[%clk 00:00:11]  [%emt 00:00:12]} 69. Kc7 {[%clk 00:00:10]} 69... Rc3+ {
[%clk 00:00:13]} 70. Kd6 {[%clk 00:00:12]} 70... Rd3+ {[%clk 00:00:16]} 71. Kc6
{[%clk 00:00:14]} 71... Rc3+ {[%clk 00:00:18]} 72. Kd6 {[%clk 00:00:15]} 72...
Rd3+ {[%clk 00:00:20]  [%emt 00:00:06]} 73. Ke6 {[%clk 00:00:17]} 73... Rd1 {
[%clk 00:00:14]  [%emt 00:00:05]} 74. Rf4+ {[%clk 00:00:18]  [%emt 00:00:04]}
74... Kg8 {[%clk 00:00:14]  [%emt 00:00:04]} 75. Rf5 {[%clk 00:00:19]} 75...
Re1+ {[%clk 00:00:06]  [%emt 00:00:11]} 76. Kf6 {
[%clk 00:00:19]  [%emt 00:00:03]} 76... Rd1 {[%clk 00:00:07]  [%emt 00:00:04]}
77. Ke7 {[%clk 00:00:19]} 77... Re1+ {[%clk 00:00:07]  [%emt 00:00:03]} 78. Kd8
{[%clk 00:00:21]} 78... Kg7 {[%clk 00:00:09]  [%emt 00:00:04]} 79. Kc7 {
[%clk 00:00:22]  [%emt 00:00:04]} 79... Rc1+ {[%clk 00:00:11]} 80. Kd6 {
[%clk 00:00:24]} 80... Rd1+ {[%clk 00:00:13]} 81. Ke6 {
[%clk 00:00:26]  [%emt 00:00:04]} 81... Kg8 {[%clk 00:00:13]} 82. Rd5 {
[%clk 00:00:28]  [%emt 00:00:04]} 82... Re1+ {[%clk 00:00:14]} 83. Kd6 {
[%clk 00:00:29]} 1-0

[Event "II Open Internacional Blitz Quart de Pob"]
[Site "Quart de Poblet, Spain"]
[Date "2019.08.10"]
[Round "4.6"]
[White "Toledano Llinares, Juan A"]
[Black "Ferrero Sanchis, Enrique"]
[Result "1-0"]
[WhiteElo "2249"]
[BlackElo "1711"]
[PlyCount "43"]
[EventDate "2019.??.??"]

1. e4 {[%clk 00:07:04]  [%emt 00:00:19]} 1... d6 {[%clk 00:07:05]} 2. d4 {
[%clk 00:07:05]} 2... g6 {[%clk 00:07:06]  [%emt 00:00:13]} 3. Nc3 {
[%clk 00:07:06]} 3... Bg7 {[%clk 00:07:08]} 4. f4 {[%clk 00:07:08]} 4... c6 {
[%clk 00:07:10]} 5. Nf3 {[%clk 00:07:07]} 5... Bg4 {[%clk 00:07:11]} 6. Be3 {
[%clk 00:07:04]  [%emt 00:00:04]} 6... Nd7 {[%clk 00:07:12]} 7. h3 {
[%clk 00:07:06]} 7... Bxf3 {[%clk 00:07:13]} 8. Qxf3 {[%clk 00:07:07]} 8... e6
{[%clk 00:07:14]  [%emt 00:00:04]} 9. O-O-O {[%clk 00:06:48]  [%emt 00:00:17]}
9... Ne7 {[%clk 00:07:15]  [%emt 00:00:07]} 10. g4 {[%clk 00:06:48]} 10... d5 {
[%clk 00:07:13]  [%emt 00:00:04]} 11. f5 {[%clk 00:06:44]  [%emt 00:00:05]}
11... dxe4 {[%clk 00:06:42]  [%emt 00:00:34]} 12. Nxe4 {
[%clk 00:06:45]  [%emt 00:00:34]} 12... Nc8 {[%clk 00:06:13]  [%emt 00:00:04]}
13. fxe6 {[%clk 00:06:23]  [%emt 00:00:20]} 13... fxe6 {
[%clk 00:06:11]  [%emt 00:00:14]} 14. Bc4 {[%clk 00:06:25]} 14... Rf8 {
[%clk 00:05:52]  [%emt 00:00:18]} 15. Qe2 {[%clk 00:06:25]  [%emt 00:00:14]}
15... Qe7 {[%clk 00:05:39]  [%emt 00:00:08]} 16. Bg5 {
[%clk 00:06:23]  [%emt 00:00:07]} 16... Bf6 {[%clk 00:05:36]  [%emt 00:00:19]}
17. Nxf6+ {[%clk 00:06:23]} 17... Nxf6 {[%clk 00:05:34]  [%emt 00:00:04]} 18.
Qxe6 {[%clk 00:06:22]} 18... Qxe6 {[%clk 00:05:30]} 19. Bxe6 {[%clk 00:06:24]}
19... Ne7 {[%clk 00:04:06]  [%emt 00:01:25]} 20. Rde1 {
[%clk 00:06:17]  [%emt 00:00:12]} 20... Rd8 {[%clk 00:03:36]  [%emt 00:00:28]}
21. Bh6 {[%clk 00:06:09]  [%emt 00:00:13]} 21... Rxd4 {
[%clk 00:03:00]  [%emt 00:00:40]} 22. Rhf1 {[%emt 00:00:50]} 1-0

[Event "II Open Internacional Blitz Quart de Pob"]
[Site "Quart de Poblet, Spain"]
[Date "2019.08.10"]
[Round "4.7"]
[White "Buenafe Moya, Javier"]
[Black "Alvarez Aranda, Jesus"]
[Result "1-0"]
[WhiteElo "2117"]
[BlackElo "1687"]
[PlyCount "71"]
[EventDate "2019.??.??"]

1. c4 {[%clk 00:07:02]} 1... e5 {[%clk 00:07:05]} 2. Nc3 {[%clk 00:07:03]} 2...
Nf6 {[%clk 00:07:03]  [%emt 00:00:03]} 3. g3 {[%clk 00:07:05]} 3... c6 {
[%clk 00:07:03]} 4. Bg2 {[%clk 00:07:06]  [%emt 00:00:03]} 4... Be7 {
[%clk 00:06:56]  [%emt 00:00:06]} 5. d4 {[%clk 00:07:07]  [%emt 00:00:06]} 5...
exd4 {[%clk 00:06:47]  [%emt 00:00:08]} 6. Qxd4 {
[%clk 00:07:08]  [%emt 00:00:27]} 6... Qb6 {[%clk 00:06:37]} 7. Qxb6 {
[%clk 00:07:06]  [%emt 00:00:08]} 7... axb6 {[%clk 00:06:38]} 8. Nh3 {
[%clk 00:06:31]  [%emt 00:00:24]} 8... Bb4 {[%clk 00:06:16]  [%emt 00:00:29]}
9. Bd2 {[%clk 00:06:30]  [%emt 00:00:03]} 9... d5 {
[%clk 00:06:08]  [%emt 00:00:15]} 10. cxd5 {[%clk 00:06:27]  [%emt 00:00:04]}
10... Nxd5 {[%clk 00:06:08]  [%emt 00:00:07]} 11. Nxd5 {
[%clk 00:06:27]  [%emt 00:00:03]} 11... Bxd2+ {[%clk 00:06:06]} 12. Kxd2 {
[%clk 00:06:28]  [%emt 00:00:04]} 12... cxd5 {[%clk 00:05:59]  [%emt 00:00:05]}
13. Nf4 {[%clk 00:06:26]  [%emt 00:00:14]} 13... d4 {
[%clk 00:05:40]  [%emt 00:00:16]} 14. Nd5 {[%clk 00:06:27]  [%emt 00:00:16]}
14... Na6 {[%clk 00:05:36]} 15. Nxb6 {[%clk 00:06:27]} 15... Rb8 {
[%clk 00:05:30]  [%emt 00:00:06]} 16. Nxc8 {[%clk 00:06:25]  [%emt 00:00:06]}
16... Rxc8 {[%clk 00:05:28]  [%emt 00:00:07]} 17. Bxb7 {[%clk 00:06:26]} 17...
Rb8 {[%clk 00:05:28]  [%emt 00:00:03]} 18. Bxa6 {
[%clk 00:06:26]  [%emt 00:00:04]} 18... Rxb2+ {[%clk 00:05:29]} 19. Kd3 {
[%clk 00:06:28]  [%emt 00:00:03]} 19... O-O {[%clk 00:05:26]  [%emt 00:00:03]}
20. Rhc1 {[%clk 00:06:23]  [%emt 00:00:13]} 20... g6 {
[%clk 00:05:09]  [%emt 00:00:39]} 21. a4 {[%clk 00:06:12]  [%emt 00:00:03]}
21... Rfb8 {[%clk 00:04:58]  [%emt 00:00:04]} 22. Rc8+ {
[%clk 00:06:00]  [%emt 00:00:12]} 22... Rxc8 {[%clk 00:04:48]  [%emt 00:00:14]}
23. Bxc8 {[%clk 00:06:01]  [%emt 00:00:11]} 23... Kg7 {
[%clk 00:04:37]  [%emt 00:00:09]} 24. a5 {[%clk 00:05:59]  [%emt 00:00:04]}
24... Rb3+ {[%clk 00:04:35]  [%emt 00:00:03]} 25. Kxd4 {
[%clk 00:05:58]  [%emt 00:00:04]} 25... Rb4+ {[%clk 00:04:37]} 26. Kc5 {
[%clk 00:05:57]  [%emt 00:00:03]} 26... Rb2 {[%clk 00:04:39]  [%emt 00:00:11]}
27. Bg4 {[%clk 00:05:52]} 27... f5 {[%clk 00:04:41]  [%emt 00:00:07]} 28. Bf3 {
[%clk 00:05:53]} 28... Rc2+ {[%clk 00:04:39]  [%emt 00:00:07]} 29. Kd4 {
[%clk 00:05:50]} 29... Rd2+ {[%clk 00:04:41]} 30. Ke5 {
[%clk 00:05:49]  [%emt 00:00:04]} 30... Rd7 {[%clk 00:04:41]  [%emt 00:00:04]}
31. a6 {[%clk 00:05:45]  [%emt 00:00:08]} 31... Re7+ {
[%clk 00:04:42]  [%emt 00:00:04]} 32. Kd6 {[%clk 00:05:44]} 32... Ra7 {
[%clk 00:04:45]} 33. Bb7 {[%clk 00:05:43]  [%emt 00:00:04]} 33... Kf6 {
[%clk 00:04:44]  [%emt 00:00:07]} 34. Kc6 {[%clk 00:05:43]} 34... h5 {
[%clk 00:04:44]  [%emt 00:00:04]} 35. Kb6 {[%clk 00:05:43]  [%emt 00:00:08]}
35... Rxa6+ {[%clk 00:04:46]} 36. Rxa6 {[%emt 00:00:09]} 1-0